| 000 | 01246nam a2200337 a 4500 | ||
|---|---|---|---|
| 001 | |||
| 003 | DO-SdBNP | ||
| 005 | 20211015124923.0 | ||
| 008 | 090907s2005 dr a 000 0 spa d | ||
| 020 | _a9993477982 | ||
| 040 |
_aDO-SdBNP _bspa _cBPMSU |
||
| 082 |
_a618.145 _bM516c 2005 _222 |
||
| 100 | 1 | _aMejía, Wilson | |
| 245 | 1 | 0 |
_aCirugía ginecoobstétrica ilustrada y descriptiva / _cWilson Mejía ; prólogo Alejandro Pichardo. |
| 260 |
_aSanto Domingo : _bUASD, _c2005. |
||
| 300 |
_a157 p. : _bil. ; _c28 cm. |
||
| 490 | 0 |
_aPublicaciones de la Universidad Autónoma de Santo Domingo ; _aSalud y sociedad ; _v1228/43 |
|
| 500 | _aIncluye datos biográficos del autor en la contracubierta | ||
| 500 | _aIncluye referencias bibliográficas y notas al pie de las páginas | ||
| 504 | _aBibliografía : p. 158-160 | ||
| 590 | _aInventariado,2021/VM | ||
| 650 | 4 | _aGinecología operatoria | |
| 650 | 4 | _aCirugía obstétrica | |
| 650 | 4 | _aComplicaciones postoperatorias | |
| 700 | 1 |
_aPichardo, Alejandro, _epról. |
|
| 710 | 2 | _aUniversidad Autónoma de Santo Domingo | |
| 830 | 0 |
_aPublicaciones de la Universidad Autónoma de Santo Domingo ; _n1228 |
|
| 830 | 0 |
_aSalud y sociedad ; _n43 |
|
| 910 | _aVMateo V. | ||
| 942 |
_2ddc _cBK |
||
| 999 |
_c13793 _d13793 |
||